Countries That Lie On The Equator - Statistics

General Stats
  • This quiz has been taken 28 times
  • The average score is 9 of 13
Answer Stats
Country % Correct
Brazil
100%
Indonesia
93%
Ecuador
89%
Kenya
89%
Republic of The Congo
82%
Gabon
75%
Uganda
75%
Colombia
71%
Somalia
61%
Maldives
46%
Kiribati
43%
Sao Tome and Principe
36%
The Democratic Republic of the Congo
21%
No matching quizzes found
Score Distribution
Percent of People with Each Score
Percentile by Number Answered
Your Score History
You have not taken this quiz